ज्ञान ज्योति / (Record no. 69411)

MARC details
000 -LEADER
fixed length control field 01114nam a22002777a 4500
005 - DATE AND TIME OF LATEST TRANSACTION
control field 20120828114314.0
008 - FIXED-LENGTH DATA ELEMENTS--GENERAL INFORMATION
fixed length control field 101019t xxu||||| |||| 00| 0 hin d
010 ## - LCCN (DPL NO)
LC control number HIN-96528
020 ## - INTERNATIONAL STANDARD BOOK NUMBER
Terms of availability 300.00
International Standard Book Number 8190262793
035 ## - SYSTEM CONTROL NUMBER
System control number HN-68874
037 ## - SOURCE OF ACQUISITION
Source of stock number/acquisition DBAD / PUB
040 ## - CATALOGING SOURCE
Language of cataloging HIN
082 ## - DEWEY DECIMAL CLASSIFICATION NUMBER
Classification number 170
100 ## - MAIN ENTRY--PERSONAL NAME
9 (RLIN) 23632
245 ## - TITLE STATEMENT
Title ज्ञान ज्योति /
Statement of responsibility, etc हरीराम भारती द्वारा संकलित
260 ## - PUBLICATION, DISTRIBUTION, ETC. (IMPRINT)
Place of publication, distribution, etc दिल्ली
Name of publisher, distributor, etc सक्षम प्रकाशन
Date of publication, distribution, etc 2011
270 ## - ADDRESS
City दिल्ली
Address 500/5, स्ट्रीट न.-11, पांडव रोड, विश्वास नगर
Postal code 110032
300 1# - PHYSICAL DESCRIPTION
Extent 196पृ.
Dimensions 22सेमी (सजिल्द)
650 ## - SUBJECT ADDED ENTRY--TOPICAL TERM
9 (RLIN) 657
650 ## - SUBJECT ADDED ENTRY--TOPICAL TERM
9 (RLIN) 34273
700 ## - ADDED ENTRY--PERSONAL NAME
Personal name भारती, हरीराम
9 (RLIN) 51637
710 ## - ADDED ENTRY--CORPORATE NAME
9 (RLIN) 34811
710 ## - ADDED ENTRY--CORPORATE NAME
9 (RLIN) 35049
942 ## - ADDED ENTRY ELEMENTS (KOHA)
Source of classification or shelving scheme Dewey Decimal Classification
Item type Hindi Books
Call number suffix ज्ञानज्यो
Classification part 170
Holdings
Withdrawn status Lost status Source of classification or shelving scheme Damaged status Not for loan Collection code Home library Current library Date acquired Source of acquisition Cost, normal purchase price Total Checkouts Full call number Barcode Date last seen Copy number Cost, replacement price Koha item type
    Dewey Decimal Classification   Not For Loan Non-fiction D.B.Act.Division D.B.Act.Division 28/08/2012 DBAD / PUB 300.00   170 ज्ञानज्यो HN-68874 28/08/2012 1 300.00 Hindi Books

© Delhi Public Library
Hit Counter
free hit counter